000 00292nam a22001217a 4500
008 180313b xxu||||| |||| 00| 0 eng d
041 _aeng
080 _a611
100 _a6
101 _aana
245 _aphysical rehabilitation assessment an treatment
_csullivan.s.b
942 _2udc
_cBK
999 _c44868
_d44868